| 000 | 04915nam a2200505Ia 4500 | ||
|---|---|---|---|
| 001 | dia_6516 | ||
| 003 | CHAP | ||
| 005 | 20240717181028.0 | ||
| 007 | ta | ||
| 008 | 220601s2017 mx bde frm 001 0 spa d | ||
| 040 |
_amxchpua _cCHAP |
||
| 041 | 0 |
_aspa _beng |
|
| 090 |
_aTesis _bF56 _c2017 |
||
| 100 | 1 | _aFlores Cruz, Luis Felipe | |
| 240 | 1 | 0 |
_aTechnical- economical for the instalation of a wheat mill in Santa Ana Pacueco, Guanajuato. _lEspañol |
| 245 | 1 | 0 |
_aEstudio de factibilidad técnico-económico para el establecimiento de un molino de trigo (Triticum aestivum.) en Santa Ana Pacueco, Guanajuato / _cLuis Felipe Flores Cruz |
| 264 |
_aChapingo, México : _bEl autor, _c2017 |
||
| 300 |
_av, 115 hojas : _bmapas. gráficas, diagramas, tablas, planos + _e1 CD-ROM |
||
| 336 |
_2rdacontent _atexto _btxt |
||
| 337 |
_2rdamedia _ano mediado _bn |
||
| 338 |
_2rdacarrier _avolumen _bnc |
||
| 500 | _aEl CD contiene reporte y artículo -- Los planos están incluidos en el reporte | ||
| 502 |
_aFormulación y Evaluación de Proyectos _b(Ingeniero Agroindustrial) -- _cUACh. Departamento de Ingeniería Agroindustrial, _d2017 |
||
| 504 | _aBibliografía: hojas 105-108 | ||
| 505 | 0 | 0 | _a7 planos: -- 1. Planta arquitectónica -- 2. Distribución de áreas -- 3. Distribución de equipo nivel 1 -- 4. Distribución de equipo nivel 2 -- 5. Distribución de equipo nivel 3 -- 6. Distribución de equipo nivel 4 -- 7. Distribución de equipo nivel 5 |
| 520 | 3 | _aEn este estudio se evalúan un conjunto de factores técnicos, económicos, sociales y ambientales, para determinar la factibilidad y el riesgo de establecer un molino de trigo en el Municipio de Santa Ana Pacueco, Guanajuato. Para ello se realizó una investigación acerca de la disponibilidad de materia prima, un estudio de mercado, se plantea una propuesta de organización social y los montos de inversión total. Santa Ana Pacueco, es un municipio adecuado para el establecimiento del molino de trigo, ya que se encuentra cerca de las zonas productoras de trigo de temporal en nuestro país, en consecuencia, las vías de comunicación son de fácil acceso, y un gran mercado potencial en constante crecimiento. El molino procesará inicialmente 203 ton/día de trigo. Para tal proyecto se requiere una inversión total de $287,676,210.00. La evaluación de rentabilidad se realizó en un periodo de 10 años, dando como resultado los siguientes indicadores financieros: TREMA 17.18%, TIR 51.8%, VAN $125,438,051.65, B/C 1.21 y N/K 7.31. El análisis muestra que el impacto ecológico solo se realiza en el aire, debido a la contaminación por polvo que se produce durante el proceso de limpieza y molienda. Tomando como base los indicadores anteriores, se concluye que la instalación de un molino de trigo en este municipio es técnica, económica, social y ambientalmente factible. | |
| 520 | 3 | _aThis study evaluated a range of technical, economic, social and environmental factors to determine the feasibility and risk of establishing a flour mill in the municipality of Santa Ana Pacueco, Guanajuato. This work included the raw materials availability and market trends; as well as a proposal for the social organization and the total investment required for the project. Santa Ana Pacueco, is a suitable location for the establishment of a wheat mill. It is located near the productive rainfed wheat zones in our country. As a result, the establishment can have easy access to principal roadways and a rapidly growing market. In its initial stages, the mill will process 203 ton of wheat daily. This project will require a total investment of $287,676,210.00. The cost-effectiveness was evaluated for a 10 year period, with the following results: TREMA 17.18%, TIR 51.8%, VAN $125,438,051.65, B/C 1.21 y N/K 7.31. The analysis showed that the ecological impact will be only on air pollution due to dust produced during the cleaning and milling process. Based on the economical indicators, the installation of a flour mill in this municipality is technical , economical, social and environmentally feasible. | |
| 650 | 1 | 3 |
_aTrigo _2atg _xMolinería |
| 650 | 0 |
_aIniciativa empresarial _2atg _zMéxico _zGuanajuato |
|
| 650 | 1 | 3 |
_aIndustria molinera _2atg _zMéxico _zGuanajuato |
| 650 | 1 | 3 |
_aMilling industry _2atg _zMexico _zGuanajuato |
| 650 | 1 | 3 |
_aWheat _2atg _xMilling |
| 650 | 1 | 3 |
_aEntrepreneurship _2atg _zMexico _zGuanajuato |
| 700 | 1 |
_aPonce Hernández, Pedro _edirector |
|
| 700 | 1 |
_aMartínez Mosqueda, Francisco _easesor |
|
| 700 | 1 |
_aAscencio Rivera, J. Rogelio _easesor |
|
| 856 | 4 | 1 |
_uhttp://10.13.5.2/tesis/sist113807.pdf _yDESCARGAR PDF |
| 901 | _aTESIS F56 2017 | ||
| 902 | _aM | ||
| 905 | _a5232272017 mx nmbl8223123322spa16 | ||
| 942 |
_cTESIS _2Clasificación Universidad Autónoma Chapingo |
||
| 999 |
_c209718 _d209718 |
||